<?xml version="1.0" encoding="UTF-8"?>
<record
    xmlns:xsi="http://www.w3.org/2001/XMLSchema-instance"
    xsi:schemaLocation="http://www.loc.gov/MARC21/slim http://www.loc.gov/standards/marcxml/schema/MARC21slim.xsd"
    xmlns="http://www.loc.gov/MARC21/slim">

  <leader>01679nab a2200241 i 4500</leader>
  <controlfield tag="001">3428</controlfield>
  <controlfield tag="003">KOSZ 005</controlfield>
  <controlfield tag="005">20190610114405.0</controlfield>
  <controlfield tag="008">140527s2007    pl     f     |000 0 pol</controlfield>
  <datafield tag="040" ind1=" " ind2=" ">
    <subfield code="c">KOSZ005</subfield>
  </datafield>
  <datafield tag="041" ind1=" " ind2=" ">
    <subfield code="a">pol</subfield>
    <subfield code="b">eng</subfield>
  </datafield>
  <datafield tag="080" ind1=" " ind2=" ">
    <subfield code="a">621.92</subfield>
  </datafield>
  <datafield tag="100" ind1="1" ind2=" ">
    <subfield code="a">NADOLNY, Krzysztof.</subfield>
    <subfield code="d">2006 - .</subfield>
    <subfield code="b">Politechnika Koszali&#x144;ska - Wydzia&#x142; Mechaniczny,</subfield>
    <subfield code="c">Katedra In&#x17C;ynierii Produkcji</subfield>
  </datafield>
  <datafield tag="245" ind1="1" ind2="0">
    <subfield code="a">Kierunki rozwoju jednoprzej&#x15B;ciowego szlifowania otwor&#xF3;w = </subfield>
    <subfield code="b">Development trends in the single-pass internal cylindrical grinding /</subfield>
    <subfield code="c">Krzysztof Nadolny, Jaros&#x142;aw Plichta.</subfield>
  </datafield>
  <datafield tag="260" ind1=" " ind2=" ">
    <subfield code="c">2007.</subfield>
  </datafield>
  <datafield tag="500" ind1=" " ind2=" ">
    <subfield code="a">Dane z autopsji.</subfield>
  </datafield>
  <datafield tag="520" ind1=" " ind2=" ">
    <subfield code="a">Przedstawiono kierunki rozwoju jednoprzej&#x15B;ciowego szlifowania otwor&#xF3;w, b&#x119;d&#x105;ce przedmiotem prac prowadzonych w Katedrze In&#x17C;ynierii Produkcji Politechniki Koszali&#x144;skiej. Opisano rol&#x119; modelowania i symulacji komputerowej w tworzeniu nowych rodzaj&#xF3;w narz&#x119;dzi &#x15B;ciernych na przyk&#x142;adzie &#x15B;ciernic o strefowo zr&#xF3;&#x17C;nicowanej budowie. Om&#xF3;wiono sposoby wprowadzenia sztucznej porowato&#x15B;ci &#x15B;ciernicy przez domieszkowanie korundu p&#x119;cherzykowego oraz w wyniku kszta&#x142;towania mikronieci&#x105;g&#x142;o&#x15B;ci na jej czynnej powierzchni. Zaproponowano r&#xF3;wnie&#x17C; koncepcj&#x119; budowy inteligentnego systemu narz&#x119;dziowego do jednoprzej&#x15B;ciowego szlifowania otwor&#xF3;w.</subfield>
  </datafield>
  <datafield tag="650" ind1=" " ind2="0">
    <subfield code="a">Szlifowanie - narz&#x119;dzia i maszyny.</subfield>
  </datafield>
  <datafield tag="650" ind1=" " ind2="0">
    <subfield code="a">&#x15A;ciernica</subfield>
  </datafield>
  <datafield tag="700" ind1="1" ind2=" ">
    <subfield code="a">PLICHTA, Jaros&#x142;aw.</subfield>
    <subfield code="d">1996 - .</subfield>
    <subfield code="b">Politechnika Koszali&#x144;ska - Wydzia&#x142; Mechaniczny,</subfield>
    <subfield code="c">Katedra In&#x17C;ynierii Produkcji</subfield>
  </datafield>
  <datafield tag="773" ind1="0" ind2=" ">
    <subfield code="i">W :</subfield>
    <subfield code="t">Archiwum Technologii Maszyn i Automatyzacji = Archives of Mechanical Technology and Automation. -</subfield>
    <subfield code="g">2007, T. 27, nr 2, s. 15-24</subfield>
  </datafield>
  <datafield tag="942" ind1=" " ind2=" ">
    <subfield code="c">ART</subfield>
    <subfield code="2">UKD</subfield>
  </datafield>
  <datafield tag="999" ind1=" " ind2=" ">
    <subfield code="c">3428</subfield>
    <subfield code="d">3428</subfield>
  </datafield>
  <datafield tag="952" ind1=" " ind2=" ">
    <subfield code="0">0</subfield>
    <subfield code="1">0</subfield>
    <subfield code="4">0</subfield>
    <subfield code="7">0</subfield>
    <subfield code="a">BPK</subfield>
    <subfield code="b">BPK</subfield>
    <subfield code="o">0720</subfield>
    <subfield code="y">ART</subfield>
  </datafield>
</record>
